000 00989nam0a22002411i 4500
001 rc\868028
005 20240723115330.0
035 _a(NLR Aleph) 006046838
090 _a4763051
_c4763051
100 _a20041129d1983 u |0rusy50 ca
101 0 _arus
102 _aRU
105 _ay |||||||||
200 1 _aВзаимосвязи стиха и напева в белорусской раннетрадиционной песне
_e(На прим. купальских песен)
_eАвтореф. дис. на соиск. учен. степ. к. иск.
210 _aКиев
_d1983
215 _a23 с.
300 _aВ надзаг.: АН УССР, Ин-т искусствоведения, фольклора и этнографии им. М.Ф. Рыльского
320 _aБиблиогр.: с. 23
700 1 _aТавлай
_bГ.В.
_gГалина Валентиновна
801 0 _aRU
_bNLR
_gpsbo
801 1 _aRU
_bELAR
_2rusmarc
852 _aNLR
_j84-4/5380
942 _cBOOK